| 000 | 00516nam a2200157Ia 4500 | ||
|---|---|---|---|
| 008 | 160316s1999 xxu||||| |||| 00| 0 eng d | ||
| 082 |
_a342.430200 _bNAT |
||
| 100 | _a | ||
| 245 | _aRight to speedy trial: A compendium of guidelines for speedy trial derived from the decisions of the apex court of India | ||
| 250 | _a | ||
| 260 |
_aBangalore _bNational Institute of Human Rights _c1999 |
||
| 300 |
_a24 _b _c |
||
| 365 | _b | ||
| 650 | _a1. Right to speedy trail - Decisions - Apex Court of India | ||
| 700 |
_a _a |
||
| 999 |
_c36624 _d36624 |
||